Languages of New Zealand - Statistics

General Stats
  • This quiz has been taken 46 times
  • The average score is 4 of 7
Answer Stats
Percent Languages % Correct
95 English
100%
4 Maori
97%
2 Chinese/ Northern Chinese
66%
1 Hindi
58%
1 French
50%
2 Samoan
42%
1 Yiu
0%
No matching quizzes found
Score Distribution
Percent of People with Each Score
Percentile by Number Answered
Your Score History
You have not taken this quiz